DK science : (Record no. 681)

MARC details
000 -LEADER
fixed length control field 01583cam a2200313 a 4500
005 - DATE AND TIME OF LATEST TRANSACTION
control field 20260322212030.0
008 - FIXED-LENGTH DATA ELEMENTS--GENERAL INFORMATION
fixed length control field data
010 ## - LIBRARY OF CONGRESS CONTROL NUMBER
LC control number 2011290705
020 ## - INTERNATIONAL STANDARD BOOK NUMBER
International Standard Book Number 9780756689018
020 ## - INTERNATIONAL STANDARD BOOK NUMBER
International Standard Book Number 0756689015
040 ## - CATALOGING SOURCE
Original cataloging agency DLC
Transcribing agency DLC
042 ## - AUTHENTICATION CODE
Authentication code pcc
050 00 - LIBRARY OF CONGRESS CALL NUMBER
Classification number Q162
Item number .D53 2011
092 ## - LOCALLY ASSIGNED DEWEY CALL NUMBER (OCLC)
Classification number 500 D53 2011
001 - CONTROL NUMBER
control field data
245 00 - TITLE STATEMENT
Title DK science :
Remainder of title the definitive visual guide /
Statement of responsibility, etc. edited by Adam Hart-Davis.
246 30 - VARYING FORM OF TITLE
Title proper/short title Science, the definitve visual guide
260 ## - PUBLICATION, DISTRIBUTION, ETC.
Place of publication, distribution, etc. New York :
-- New York :
Name of publisher, distributor, etc. DK,
Date of publication, distribution, etc. 2011.
300 ## - PHYSICAL DESCRIPTION
Extent 512 p. :
Other physical details ill. (chiefly col.) ;
Dimensions 26 cm.
500 ## - GENERAL NOTE
General note Includes index.
505 0# - FORMATTED CONTENTS NOTE
Formatted contents note The dawn of science : prehistory to 1500 -- Renaissance & Enlightenment : 1500-1700 -- The Industrial Revolution : 1700-1890 -- The Atomic Age : 1890-1970 -- The Information Age : 1970 onward.
520 ## - SUMMARY, ETC.
Summary, etc. "This remarkable reference book tells the story of scientific progress from the invention of the wheel to 21st century climate solutions. It captures every key moment of discovery, and shows how the concepts, the inventions, and the individuals behind them have changed our world. By using amazing illustrations and accessible text, Science explains even the most complex topics more clearly than ever before"--P. [4] of cover.
650 #0 - SUBJECT ADDED ENTRY--TOPICAL TERM
Topical term or geographic name entry element Science
Form subdivision Encyclopedias.
700 1# - ADDED ENTRY--PERSONAL NAME
Personal name Hart-Davis, Adam.
906 ## - LOCAL DATA ELEMENT F, LDF (RLIN)
a 7
b cbc
c origcop
d 2
e ncip
f 20
g y-gencatlg
925 0# -
-- acquire
-- 2 shelf copies
-- policy default
955 ## - COPY-LEVEL INFORMATION (RLIN)
-- xh10 2011-10-13 Copy 2 to BCCD
991 ## -
-- r-SciRR
-- Q162
-- .D53 2011
-- Copy 2
-- GenBib
Holdings
Withdrawn status Lost status Damaged status Not for loan Home library Current library Shelving location Date acquired Total checkouts Full call number Barcode Date last seen Price effective from Koha item type
        Riverside Riverside General stacks 22/03/2026   Q162 .D53 2011 BC0010698 22/03/2026 22/03/2026 Books